Lógica, biología y sociología médica /

Gorde:
Xehetasun bibliografikoak
Egile nagusia: Samaja, Juan Alfonso
Formatua: Texto
Gaiak:
Etiketak: Etiketa erantsi
Etiketarik gabe, Izan zaitez lehena erregistro honi etiketa jartzen!

MARC

LEADER 00000 a a2200000 04500
001 47443
003
040
090 |a REV0857 4 (9) 1978  
100 |a Samaja, Juan Alfonso  
245 |a Lógica, biología y sociología médica /  |c Juan Alfonso Samaja  
500 |a II Parte  
650 |a SOCIOLOGIA  
650 |a METABOLISMO  
650 |a SALUD  
650 |a ENFERMEDAD  
773 |g volumen4, número9, enero-abril (1978)  
999 |c 25391  |d 25391